000 002950000a22001330004500
003 MACL
040 _aMACL
090 _c47905
_d47903
100 _aBerlitz.Charles
245 _aThe Philadelphia Experiment
260 _aU.S.A.
_bSouvenir Press
_c1997
650 _aNovel
942 _cBOOK
_k823/BER
999 _c47398
_d47398